000 00348nam a22001337a 4500
020 _a9788125915461
082 _a621.13
_bJAY/EL
100 _aJayagopal,L.S
_9854
100 _aRudramoorthy,R
_9855
245 _aElements of Civil and Mechanical Engineering
260 _aNoida
_bVikas Publishing House Pvt. Ltd
_c2010
300 _a345
942 _cBK
999 _c14499
_d14499